000 00883cab a2200313 4500
001 WB3214-32
008 090401t1996 xxu||||| |||| 00| 0 eng d
035 _a(Sirsi) u64789
041 _aeng
245 _aWorld office rents league
260 _c1996
350 _a0
490 _aDaily Telegraph
_v1 April 1996, 27
490 _aEstates Gazette
_v(9614) 6 April 1996, 18(1)
520 _aWeatherall Green & Smith`s international rent forecast for spring 1996, still puts Tokyo office rents as the highest in the world.
650 _aBEIJING
650 _aHONG KONG
650 _aINTERNATIONAL OFFICE RENTS
650 _aLEAGUE TABLE
650 _aLONDON
650 _aOFFICE RENTS
650 _aOFFICES
650 _aRENTAL COSTS
650 _aTOKYO
690 _aPROPERTY-COMMERCIAL PROPERTY
690 _aOVERSEAS
942 _n0
948 _c04/03/1997
999 _c40364
_d40364